Statistics for Sports in Africa

Click here to take the quiz!

General Stats

  • This quiz has been taken 20 times
  • The average score is 9 of 15

Answer Stats

HintAnswer% Correct
Country that is known for their marathon runnersKenya
94%
First ever African nation to host the FIFA World Cup in 2010South Africa
94%
European city that originally was the starting point for the Dakar RallyParis
83%
Sport where South Africa is ranked number 1 in the worldRugby Union
83%
Country where the Liverpool player Mohamed Salah is bornEgypt
78%
Noisemaking plastic horn used by fans during that world cupVuvuzela
78%
Sport that is very popular in South Africa, Kenya, and Zimbabwe.Cricket
72%
Didier Drogba, Yaya Touré, and Nicolas Pépé are all from this West African countryIvory Coast
72%
City where The Rumble in the Jungle took place (George Foreman vs Muhammad Ali)Kinshasa
72%
Nickname for the South African national team in the sport of aboveThe Springboks
67%
Famous footballer born in Portuguese MozambiqueEusébio
56%
South African football club that has won 76 major trophies in 50 yearsKaizer Chiefs
44%
British long distance runner Mo Farah is born in this countrySomalia
44%
Sport that over 35,000 participants join every year in an event which takes place in Cape TownCycling
6%
______ Racing is a popular sport on the Kenyan island of LamuDonkey
0%

Score Distribution

Percentile by Number Answered

Percent of People with Each Score

Your Score History

You have not taken this quiz